ARK: Survival Evolved Saddles - Random - Statistics

General Stats
  • This quiz has been taken 182 times
  • The average score is 7 of 10
Answer Stats
Picture Answer % Correct
Carno
100%
Gacha
100%
Gallimimus
100%
Manta
100%
Phiomia
100%
Raptor
100%
Spino
100%
Sarco
93%
Maewing
92%
Sabertooth
92%
Karkinos
91%
Tapejara
90%
Ankylo
89%
Megalodon
89%
Parasaur
89%
Terror Bird
89%
Equus
88%
Basilosaurus
86%
Pachy
86%
Rex
82%
Bronto
80%
Daeodon
80%
Dire Bear
80%
Mammoth
80%
Roll Rat
80%
Therizinosaurus
80%
Thorny Dragon
80%
Argentavis
78%
Doedicurus
78%
Titanosaur
78%
Tropeognathus
78%
Diplodocus
75%
Stego
75%
Plesiosaur
73%
Quetz
73%
Beelzebufo
70%
Ravager
70%
Rock Golem
70%
Allosaurus
67%
Hyaenodon
67%
Mosasaur
67%
Pteranodon
67%
Velonasaur
67%
Arthropluera
64%
Baryonyx
63%
Megatherium
63%
Iguanodon
62%
Kaprosuchus
62%
Procoptodon
62%
Castoroides
60%
Morellatops
59%
Mantis
58%
Paracer
58%
Carbonemys
57%
Dunkleosteus
57%
Giganotosaurus
56%
Magmasaur
56%
Tusoteuthis
56%
Gasbags
55%
Snow Owl
55%
Thylacoleo
55%
Pelagornis
54%
Amargasaurus
50%
Astrodelphis
50%
Chalicotherium
50%
Lymantria
50%
Megachelon
50%
Megaloceros
50%
Yutyrannus
50%
Pulmonoscorpius
46%
Astrocetus
45%
Ichthyosaurus
45%
Rock Drake
43%
Deinonychus
38%
Managarmr
38%
Trike
36%
Megalania
33%
Wooly Rhino
33%
Basilisk
29%
Pachyrhinosaurus
22%
Megalosaurus
13%
Araneo
11%
No matching quizzes found
Score Distribution
Percent of People with Each Score
Percentile by Number Answered
Your Score History
You have not taken this quiz